| 000 | 00779nam a2200229 i 4500 | ||
|---|---|---|---|
| 001 | bg | ||
| 100 | 1 | _aZAWIDZKA, Anna | |
| 245 | 1 | 0 |
_aRynek wewnętrzny Wspólnoty Europejskiej a interes publiczny / _cAnna Zawidzka. |
| 260 |
_aWarszawa : _b"Prawo i Praktyka Gospodarcza", _c2002. |
||
| 300 |
_a256 s. ; _c24 cm. |
||
| 504 | _aBibliogr. | ||
| 610 | 2 | 9 |
_aEuropejski Trybunał Sprawiedliwości _xorzecznictwo |
| 650 | 9 |
_aOrzecznictwo gospodarcze _xUnia Europejska |
|
| 020 | _a8387611263 | ||
| 040 | _cBPK | ||
| 041 | 0 | _apol | |
| 080 | _a341.6(4-67)(094.8) | ||
| 920 | _a83-87611-26-3 | ||
| 942 | _cKS | ||
| 008 | s pl f |000 0 pol | ||
| 999 |
_c43888 _d43888 |
||
| 856 |
_uhttp://koha.tu.koszalin.pl/cgi-bin/koha/opac-detail.pl?biblionumber=43888 _yKatalog online BPK |
||